Consulta al Obispo electo de Oaxaca señor don Isidro de Sariñana sobre el amancebamiento de una casada con el licenciado Ignacio Guerrero.

Detalles Bibliográficos
Otros Autores: Ignacio Guerrero
Formato: Libro
Publicado: Oxaca, s.f.
Materias:
Colección:Banco de datos
Acervo:Biblioteca Palafoxiana. Colección de Manuscritos
Descripción Física:1 f. ; 31 x 21 cm.
Tema general:Eclesiástica
LEADER 00480nam a22001450004500
035 |a 1726 
245 1 0 |a Consulta al Obispo electo de Oaxaca señor don Isidro de Sariñana sobre el amancebamiento de una casada con el licenciado Ignacio Guerrero. 
260 |a Oxaca, s.f. 
300 |a 1 f. ; 31 x 21 cm. 
650 1 0 |a Eclesiástica 
700 1 |a Ignacio Guerrero 
949 |a 32382/016 
942 |c PALAMANU 
943 |g Biblioteca Palafoxiana. Colección de Manuscritos 
999 |c 1069671  |d 1069671